00712nam a2200169Ia 450000500170000000800410001708200130005810000200007124500230009125000100011426000350012430000080015950002590016794200060042695200950043299900150052720240604020631.0240331s9999 xx 000 0 und d bWELa362 aMarga Institute 0aWelfare and growth a1 st  aColombobMarga Institutec1974 a133 aThis study of social and economic developments in Sri Lanka after Independence ,was one of several country studies commissioned by the United Nations Research Institute for Social Development, with support from the Canadian International Research Centre. cL 001040708LaWERCLbWERCLcSSCd2024-03-31l0o 362 WELp124r2024-03-31w2024-03-31yL c2900d2900